LIBRARY & INFORMATION CENTRE, KCAET, TAVANUR

ONLINE PUBLIC ACCESS CATALOGUE (OPAC)

Integrated farming systems for sustainable production (Record no. 13800)

MARC details
000 -LEADER
fixed length control field 00394nam a22001577a 4500
020 ## - INTERNATIONAL STANDARD BOOK NUMBER
ISBN 9788183211932
082 ## - DEWEY DECIMAL CLASSIFICATION NUMBER
Classification number 631.5841
Item number SAR/IN
245 ## - TITLE STATEMENT
Title Integrated farming systems for sustainable production
260 ## - PUBLICATION, DISTRIBUTION, ETC. (IMPRINT)
Place of publication Udaipur
Name of publisher Agrotech Publishing Academy
Year of publication 2011
300 ## - PHYSICAL DESCRIPTION
Number of Pages 384p
700 ## - ADDED ENTRY--PERSONAL NAME
Personal name Sarkar, A.K
700 ## - ADDED ENTRY--PERSONAL NAME
Personal name Singh R.S
700 ## - ADDED ENTRY--PERSONAL NAME
Personal name Yadav, M.S
700 ## - ADDED ENTRY--PERSONAL NAME
Personal name Singh,C.S
942 ## - ADDED ENTRY ELEMENTS (KOHA)
Koha item type Books
Holdings
Withdrawn status Lost status Damaged status Collection code Home library Current library Shelving location Date acquired Source of acquisition Cost, normal purchase price Full call number Accession Number Koha item type
      Non-fiction KAUAET KAUAET General Stacks 31/03/2012 International Books & Periodicals Supply Service, Delhi 1400.00 631.5841 SAR/IN 23424 Books
free website counter